Industrial engineering manual for the textile industry. (Record no. 5580)
[ view plain ]
| 000 -LEADER | |
|---|---|
| fixed length control field | 00636nac a22001811u 4500 |
| 010 ## - LIBRARY OF CONGRESS CONTROL NUMBER | |
| LC control number | 61011930 |
| 035 ## - SYSTEM CONTROL NUMBER | |
| System control number | (OCoLC)745178 |
| 082 ## - DEWEY DECIMAL CLASSIFICATION NUMBER | |
| Classification number | 658.977 |
| Item number | ENR |
| 090 ## - LOCALLY ASSIGNED LC-TYPE CALL NUMBER (OCLC); LOCAL CALL NUMBER (OCLC) | |
| -- | 5580 |
| -- | 5580 |
| 100 ## - MAIN ENTRY--PERSONAL NAME | |
| Personal name | Enrick, Norbert Lloyd, |
| 245 10 - TITLE STATEMENT | |
| Title | Industrial engineering manual for the textile industry. |
| Statement of responsibility, etc | Edited for Southern Textile Methods & Standards Association. |
| 260 ## - PUBLICATION, DISTRIBUTION, ETC. (IMPRINT) | |
| Place of publication, distribution, etc | New York, |
| Name of publisher, distributor, etc | Textile Book Publishers, c.[1962] |
| Date of publication, distribution, etc | c.[1962] |
| 300 ## - PHYSICAL DESCRIPTION | |
| Extent | 262 p. |
| Other physical details | illus. |
| Dimensions | 24 cm. |
| 500 ## - GENERAL NOTE | |
| General note | Distributer : Al-Ahram. |
| 511 ## - PARTICIPANT OR PERFORMER NOTE | |
| Participant or performer note | Catalogued by : Mahitab. |
| 650 #0 - SUBJECT ADDED ENTRY--TOPICAL TERM | |
| Topical term or geographic name as entry element | Textile industry. |
| 942 ## - ADDED ENTRY ELEMENTS (KOHA) | |
| Item type | Book - Borrowing |
| Call number prefix | 658.977ENR |
| Withdrawn status | Item status | Damaged status | Not for loan | Home library | Current library | Shelving location | Date acquired | Source of acquisition | Total Checkouts | Full call number | Barcode | Date last seen | Koha item type |
|---|---|---|---|---|---|---|---|---|---|---|---|---|---|
| Central Library | Central Library | First floor | 31/10/2007 | Purchase | 658.977ENR | 000007057 | 15/07/2025 | Book - Borrowing |